[Event "BSB-Open 2008"]
[Site "Bad Neustadt /Saale"]
[Date "2008.09.02"]
[Round "5.1"]
[White "Pototzky, Daniel"]
[Black "Lang, Stefan"]
[Result "1-0"]
[WhiteElo "2105"]
[BlackElo "2143"]
[PlyCount "99"]
[EventDate "2008.??.??"]
[WhiteTeam "TSV Prichsenstadt"]
[BlackTeam "SK Germering/Upf."]

1. e4 c5 2. c3 d5 3. exd5 Qxd5 4. d4 Nf6 5. Nf3 Bg4 6. dxc5 Qxd1+ 7. Kxd1 e5 8.
b4 e4 9. h3 Bh5 10. g4 Nxg4 11. hxg4 Bxg4 12. Nbd2 exf3 13. Bd3 f5 14. Kc2 Nc6
15. Nc4 O-O-O 16. Bf4 Be7 17. Rad1 g5 18. Bd6 Bf6 19. Rde1 Rde8 20. Rxe8+ Rxe8
21. Rxh7 Re2+ 22. Kb3 Rxf2 23. b5 Re2 24. bxc6 bxc6 25. Na5 Kd8 26. Nxc6+ Ke8
27. Bxe2 fxe2 28. Bg3 f4 29. Be1 Bf3 30. Rh6 Kf7 31. Rxf6+ Kxf6 32. Nd4 Bh5 33.
Kc2 Bf7 34. a3 Bc4 35. Kd2 g4 36. Nxe2 Ke5 37. c6 Bxe2 38. Kxe2 Kd6 39. c7 Kxc7
40. Bd2 f3+ 41. Ke3 Kc6 42. Be1 Kb5 43. Kd4 Ka4 44. c4 Kxa3 45. c5 Kb3 46. c6
Kc2 47. c7 Kd1 48. Bg3 Ke2 49. c8=Q f2 50. Qxg4+ 1-0

[Event "BSB-Open 2008"]
[Site "Bad Neustadt /Saale"]
[Date "2008.09.02"]
[Round "5.2"]
[White "Ingerl, Florian"]
[Black "Haase, Reinhard"]
[Result "1/2-1/2"]
[WhiteElo "1885"]
[BlackElo "2136"]
[PlyCount "54"]
[EventDate "2008.??.??"]
[WhiteTeam "SC Gröbenzell"]
[BlackTeam "SC Fulda"]

1. e4 d5 2. exd5 Nf6 3. d4 Nxd5 4. c4 Nb6 5. Nf3 Bg4 6. Be2 e6 7. O-O Nc6 8.
Nc3 Be7 9. h3 Bh5 10. Bf4 O-O 11. a4 a5 12. Nb5 Rc8 13. Qc1 Bxf3 14. Bxf3 Nxd4
15. Nxd4 Qxd4 16. Bxb7 Rb8 17. Ba6 Na8 18. Rb1 Qb6 19. Bb5 Bc5 20. Qe1 Rbd8 21.
Qe4 Rd4 22. Qf3 c6 23. Be5 cxb5 24. Bxd4 Bxd4 25. cxb5 Rc8 26. Rbc1 Qb8 27. b3
Nb6 1/2-1/2

[Event "BSB-Open 2008"]
[Site "Bad Neustadt /Saale"]
[Date "2008.09.02"]
[Round "5.3"]
[White "Schlefing, Heinz"]
[Black "Jussupow, Alexander"]
[Result "1-0"]
[WhiteElo "2106"]
[BlackElo "2028"]
[PlyCount "73"]
[EventDate "2008.??.??"]
[WhiteTeam "Velberter Schachgesellschaft 192"]
[BlackTeam "SK Krumbach"]

1. e4 e6 2. d4 d5 3. Nd2 dxe4 4. Nxe4 Nf6 5. Nxf6+ Qxf6 6. Nf3 h6 7. Be3 Bd6 8.
Bd3 Nc6 9. Qe2 Bd7 10. a3 Ne7 11. O-O-O Nf5 12. Kb1 Nxe3 13. fxe3 O-O-O 14.
Rhf1 Qe7 15. c4 c5 16. dxc5 Bxc5 17. Ne5 Be8 18. Be4 Rxd1+ 19. Rxd1 f6 20. Nd3
Ba4 21. Rc1 f5 22. Bf3 Rd8 23. b4 Bd6 24. c5 Bc7 25. Nb2 Qd7 26. c6 Bxc6 27.
Rxc6 Kb8 28. Rc2 Bxh2 29. Nc4 Qa4 30. Kb2 g5 31. g3 Bxg3 32. Bxb7 Kxb7 33. Qf3+
Ka6 34. Qxg3 Rd3 35. Qe5 Qd7 36. Qa5+ Kb7 37. Ne5 1-0

[Event "BSB-Open 2008"]
[Site "Bad Neustadt /Saale"]
[Date "2008.09.02"]
[Round "5.4"]
[White "Herbst, Christoph"]
[Black "Kunze, Holger"]
[Result "1/2-1/2"]
[WhiteElo "2062"]
[BlackElo "2159"]
[PlyCount "25"]
[EventDate "2008.??.??"]
[WhiteTeam "SK 1933 Bad Neustadt"]
[BlackTeam "FC Bayern München e.V."]

1. e4 c6 2. d4 d5 3. exd5 cxd5 4. Bd3 Nc6 5. c3 Nf6 6. Bf4 Bg4 7. Qb3 Qd7 8.
Nd2 e6 9. Ngf3 Bxf3 10. Nxf3 Bd6 11. Bxd6 Qxd6 12. O-O O-O 13. Rfe1 1/2-1/2

[Event "BSB-Open 2008"]
[Site "Bad Neustadt /Saale"]
[Date "2008.09.02"]
[Round "5.6"]
[White "Várkonyi, Miklós"]
[Black "Rost van Tonningen, Otto"]
[Result "1/2-1/2"]
[WhiteElo "1620"]
[BlackElo "1954"]
[PlyCount "41"]
[EventDate "2008.??.??"]
[WhiteTeam "SK 1933 Bad Neustadt"]
[BlackTeam "SC Kitzingen von 1905"]

1. e4 g6 2. d4 Bg7 3. Nc3 c6 4. Nf3 d5 5. Be2 Bg4 6. h3 Bxf3 7. Bxf3 dxe4 8.
Nxe4 Qxd4 9. Qe2 Nf6 10. c3 Qe5 11. Nxf6+ Qxf6 12. O-O O-O 13. Be3 Nd7 14. Bd4
e5 15. Be3 Qe6 16. Be4 Nf6 17. Bc2 Nd5 18. Rfd1 Nxe3 19. Qxe3 b6 20. Bb3 Qe7
21. Qe4 1/2-1/2

[Event "BSB-Open 2008"]
[Site "Bad Neustadt /Saale"]
[Date "2008.09.02"]
[Round "5.6"]
[White "Filbry, Lothar"]
[Black "Mittermaier, Walter"]
[Result "0-1"]
[WhiteElo "1533"]
[BlackElo "2171"]
[PlyCount "126"]
[EventDate "2008.??.??"]
[WhiteTeam "SK 1933 Bad Neustadt"]
[BlackTeam "SAbt TSV Haunstetten"]

1. c4 c6 2. d4 d5 3. cxd5 cxd5 4. Bf4 Nc6 5. Nf3 Nf6 6. h3 Qb6 7. Bc1 Bf5 8. a3
e6 9. Nc3 Ne4 10. Na4 Qc7 11. e3 Bd6 12. Be2 O-O 13. O-O a6 14. Nc3 h6 15. Bd2
Nxd2 16. Qxd2 Na5 17. Qd1 Rac8 18. Bd3 Bxd3 19. Qxd3 Nc4 20. Rfb1 Na5 21. Qd1
Qb6 22. Nd2 Rc7 23. Na4 Qb5 24. b4 Nc4 25. Nc5 Nxd2 26. Qxd2 Ra8 27. a4 Qe8 28.
a5 Qb5 29. Qe1 e5 30. Na4 exd4 31. exd4 Re8 32. Qd1 Rc4 33. Nb6 Rxb4 34. Rxb4
Bxb4 35. Qf3 Re4 36. Rc1 Re1+ 37. Rxe1 Bxe1 38. Nxd5 Bxa5 39. Qe4 Qd7 40. Ne7+
Kf8 41. Nf5 Bc7 42. d5 g6 43. Qb4+ Kg8 44. d6 gxf5 45. dxc7 Qxc7 46. g4 fxg4
47. Qxg4+ Kf8 48. Qd4 Qc6 49. Qh8+ Ke7 50. Qe5+ Kd7 51. Qf5+ Qe6 52. Qd3+ Kc8
53. Qc3+ Kb8 54. Qh8+ Ka7 55. Qd4+ b6 56. h4 a5 57. Kg2 Ka6 58. h5 b5 59. Kg3
a4 60. f4 a3 61. Qd3 a2 62. Qa3+ Kb6 63. f5 Qe5+ 0-1

[Event "BSB-Open 2008"]
[Site "Bad Neustadt /Saale"]
[Date "2008.09.02"]
[Round "5.7"]
[White "Seifert, Armin"]
[Black "Heerlein, Gerd"]
[Result "1-0"]
[WhiteElo "1954"]
[BlackElo "1864"]
[PlyCount "77"]
[EventDate "2008.??.??"]
[WhiteTeam "SC Kitzingen von 1905"]
[BlackTeam "SK 1933 Bad Neustadt"]

1. e4 d6 2. d4 Nf6 3. Bd3 e5 4. d5 c6 5. c4 Nbd7 6. Ne2 Nc5 7. O-O Nfxe4 8.
Nbc3 Nxc3 9. Nxc3 Nxd3 10. Qxd3 Be7 11. b3 f5 12. Ba3 O-O 13. Rad1 Rf6 14. Rfe1
c5 15. b4 b6 16. bxc5 bxc5 17. Rb1 Rf7 18. Bb2 e4 19. Qc2 Bf6 20. Ne2 g5 21.
Ng3 Qf8 22. Qa4 Bxb2 23. Rxb2 Bd7 24. Qa6 Bc8 25. Qa5 Kg7 26. Reb1 Re7 27. a4
Qf7 28. Qd8 e3 29. fxe3 f4 30. exf4 gxf4 31. Nh5+ Kh6 32. Nxf4 Bf5 33. Qxd6+
Kg7 34. Nh5+ Kh8 35. Rb8+ Re8 36. Rxa8 Bxb1 37. Rxe8+ Qxe8 38. Qf6+ Kg8 39.
Qg7# 1-0

[Event "BSB-Open 2008"]
[Site "Bad Neustadt /Saale"]
[Date "2008.09.03"]
[Round "6.1"]
[White "Pototzky, Daniel"]
[Black "Schlefing, Heinz"]
[Result "1/2-1/2"]
[WhiteElo "2105"]
[BlackElo "2106"]
[PlyCount "27"]
[EventDate "2008.??.??"]
[WhiteTeam "TSV Prichsenstadt"]
[BlackTeam "Velberter Schachgesellschaft 192"]

1. e4 e5 2. d4 d6 3. dxe5 dxe5 4. Qxd8+ Kxd8 5. Bc4 f6 6. Be3 c6 7. a4 Nd7 8.
Ne2 Bc5 9. Bxc5 Nxc5 10. Nd2 Be6 11. f3 Kc7 12. Bxe6 Nxe6 13. Kf2 Rd8 14. Nc4
1/2-1/2

[Event "BSB-Open 2008"]
[Site "Bad Neustadt /Saale"]
[Date "2008.09.03"]
[Round "6.2"]
[White "Kunze, Holger"]
[Black "Ingerl, Florian"]
[Result "1-0"]
[WhiteElo "2159"]
[BlackElo "1885"]
[PlyCount "99"]
[EventDate "2008.??.??"]
[WhiteTeam "FC Bayern München e.V."]
[BlackTeam "SC Gröbenzell"]

1. c4 Nf6 2. g3 e6 3. Bg2 d5 4. Nf3 c5 5. O-O Nc6 6. cxd5 exd5 7. d4 Bg4 8. Be3
Qb6 9. dxc5 Bxc5 10. Bxc5 Qxc5 11. Nbd2 O-O 12. Rc1 Qb6 13. Qb3 Qc7 14. e3 Qd7
15. Qa4 Bh3 16. Rfd1 Bxg2 17. Kxg2 Rfd8 18. Nd4 Nxd4 {(=)} 19. Qxd4 b6 20. Nf3
Rac8 21. Qf4 Qb5 {(=)} 22. b3 Ne4 23. Ng5 Nf6 24. Nf3 Ne4 25. Nd4 Qe8 26. h4
Nc3 27. Rd2 Ne4 28. Rdc2 Rxc2 29. Rxc2 Rc8 30. Rc7 a6 31. Qxf7+ Qxf7 32. Rxc8+
Qf8 33. Rxf8+ Kxf8 34. Ne6+ Kf7 35. Nc7 Nc3 36. a4 a5 37. f3 Ke7 38. g4 Kd6 39.
Ne8+ Kc5 40. Nxg7 Kb4 41. g5 Kxb3 42. h5 Kxa4 43. h6 Kb3 44. g6 hxg6 45. h7 a4
46. h8=Q a3 47. Ne6 a2 48. Nd4+ Kb2 49. Nb5 a1=Q 50. Qxc3+ 1-0

[Event "BSB-Open 2008"]
[Site "Bad Neustadt /Saale"]
[Date "2008.09.03"]
[Round "6.3"]
[White "Mittermaier, Walter"]
[Black "Haase, Reinhard"]
[Result "1/2-1/2"]
[WhiteElo "2171"]
[BlackElo "2136"]
[PlyCount "72"]
[EventDate "2008.??.??"]
[WhiteTeam "SAbt TSV Haunstetten"]
[BlackTeam "SC Fulda"]

1. d4 d5 2. Nf3 Nc6 3. Bf4 Bg4 4. Nbd2 e6 5. c3 Bd6 6. Bg3 Nf6 7. Ne5 Bxe5 8.
dxe5 Nd7 9. Qa4 Bf5 10. Bh4 g5 11. Bg3 Qe7 12. e3 Nc5 13. Qa3 Nd3+ 14. Bxd3
Qxa3 15. bxa3 Bxd3 16. Nf3 h6 17. Nd2 O-O-O 18. f3 b6 19. Nb3 Ne7 20. Rd1 Bc4
21. Rd2 Ng6 22. Kf2 Rdg8 23. Re1 h5 24. h3 Ne7 25. e4 Ng6 26. exd5 Bxd5 27. a4
a5 28. Nd4 Rd8 29. Red1 Bc4 30. a3 Rd5 31. Nb5 Rhd8 32. Rxd5 Rxd5 33. Rxd5 Bxd5
34. Nd4 Kd7 35. Ke3 Ke7 36. Kd3 Kd7 1/2-1/2

[Event "BSB-Open 2008"]
[Site "Bad Neustadt /Saale"]
[Date "2008.09.03"]
[Round "6.4"]
[White "Lang, Stefan"]
[Black "Jussupow, Alexander"]
[Result "1/2-1/2"]
[WhiteElo "2143"]
[BlackElo "2028"]
[PlyCount "140"]
[EventDate "2008.??.??"]
[WhiteTeam "SK Germering/Upf."]
[BlackTeam "SK Krumbach"]

1. d4 e6 2. c4 d5 3. Nf3 Nf6 4. Nc3 Be7 5. Bf4 O-O 6. e3 b6 7. Qc2 c6 8. Ne5
Bb7 9. cxd5 exd5 10. Bd3 Nbd7 11. Bf5 g6 12. Bd3 Re8 13. h3 Bf8 14. O-O Nxe5
15. Bxe5 Nd7 16. Bh2 Bg7 17. Rfc1 Rc8 18. Qa4 a6 19. Bxa6 Ra8 20. Bxb7 Rxa4 21.
Nxa4 b5 22. Nc5 Nxc5 23. Rxc5 Bxd4 24. Rxc6 Qe7 25. Rc7 Qe4 26. Rd1 Be5 27. Rd7
Bxh2+ 28. Kxh2 Qf5 29. R7xd5 Qxf2 30. R5d2 Qxe3 31. Bd5 Kg7 32. Bb3 Re5 33. Rd7
Rg5 34. Rxf7+ Kh6 35. Rg1 Qe5+ 36. Kh1 Qxb2 37. Rb7 Qh8 38. Re1 Qf8 39. Rf7 Qa8
40. Rf3 Qa5 41. Re4 Qd2 42. Rh4+ Rh5 43. Rg4 Qc1+ 44. Kh2 Qc8 45. Kg1 Qd8 46.
Rff4 Qb6+ 47. Kh2 Qd6 48. Kg1 Qc5+ 49. Kh2 Qe5 50. Kg1 Qe1+ 51. Kh2 Qe3 52. Re4
Qf2 53. Ref4 Qc5 54. Kh1 Rf5 55. Rxf5 Qxf5 56. Kh2 Qe5+ 57. Kg1 Qc5+ 58. Kh2 g5
59. h4 Qe5+ 60. Kh3 Qf5 61. hxg5+ Kh5 62. Bd1 Kg6 63. Bf3 Qe6 64. a3 Qd6 65.
Rg3 Qc5 66. Kh2 Qe5 67. Bd1 Qf4 68. Be2 Qe5 69. Bd1 Qf4 70. Be2 Qe5 1/2-1/2

[Event "BSB-Open 2008"]
[Site "Bad Neustadt /Saale"]
[Date "2008.09.03"]
[Round "6.5"]
[White "Rost van Tonningen, Otto"]
[Black "Seifert, Armin"]
[Result "0-1"]
[WhiteElo "2065"]
[BlackElo "1954"]
[PlyCount "114"]
[EventDate "2008.??.??"]
[WhiteTeam "Den Haag / WD Borbeck"]
[BlackTeam "SC Kitzingen von 1905"]

1. d4 d5 2. Nf3 Nf6 3. Bf4 Bf5 4. e3 e6 5. Ne5 Bd6 6. g4 Bxe5 7. dxe5 Nxg4 8.
h3 Nh6 9. Rg1 Bg6 10. Bg5 Qd7 11. h4 Qa4 12. c3 Qxd1+ 13. Kxd1 Nf5 14. Be2 h6
15. h5 Bh7 16. Bf4 Nd7 17. Kd2 O-O-O 18. Na3 g5 19. Bh2 a6 20. b4 c6 21. Nc2 b5
22. a4 Kb7 23. axb5 axb5 24. Ra5 Ra8 25. Rga1 Rxa5 26. Rxa5 Ra8 27. Rxa8 Kxa8
28. Na1 Kb7 29. Nb3 Kb6 30. Nd4 Nxd4 31. cxd4 Kc7 32. f4 Kd8 33. fxg5 hxg5 34.
Bd3 Bxd3 35. Kxd3 Ke7 36. Ke2 Kf8 37. Kf3 Kg7 38. e4 Kh6 39. exd5 cxd5 40. Kg4
f5+ 41. exf6 Nxf6+ 42. Kf3 Kxh5 43. Bc7 Kg6 44. Bd8 Kf5 45. Kg3 Ne4+ 46. Kf3
Nd2+ 47. Ke3 Nc4+ 48. Kf3 Na3 49. Be7 Nc2 50. Bc5 g4+ 51. Kg3 Ke4 52. Kxg4 Nxd4
53. Kg5 Nf3+ 54. Kf6 e5 55. Ke6 d4 56. Bf8 d3 57. Bh6 d2 0-1

[Event "BSB-Open 2008"]
[Site "Bad Neustadt /Saale"]
[Date "2008.09.03"]
[Round "6.6"]
[White "Várkonyi, Miklós"]
[Black "Herbst, Christoph"]
[Result "1/2-1/2"]
[WhiteElo "1620"]
[BlackElo "2062"]
[PlyCount "27"]
[EventDate "2008.??.??"]
[WhiteTeam "SK 1933 Bad Neustadt"]
[BlackTeam "SK 1933 Bad Neustadt"]

1. e4 e6 2. d4 d5 3. exd5 exd5 4. Nf3 Nf6 5. Bd3 Bg4 6. O-O Be7 7. c3 O-O 8.
Nbd2 c5 9. dxc5 Bxc5 10. Qc2 Nc6 11. Nb3 Bd6 12. Nbd4 Rc8 13. a3 Bb8 14. Bf5
1/2-1/2

[Event "BSB-Open 2008"]
[Site "Bad Neustadt /Saale"]
[Date "2008.09.03"]
[Round "6.7"]
[White "Heerlein, Gerd"]
[Black "Filbry, Lothar"]
[Result "1/2-1/2"]
[WhiteElo "1864"]
[BlackElo "1533"]
[PlyCount "46"]
[EventDate "2008.??.??"]
[WhiteTeam "SK 1933 Bad Neustadt"]
[BlackTeam "SK 1933 Bad Neustadt"]

1. Nf3 d5 2. g3 Nf6 3. Bg2 c5 4. O-O Nc6 5. d3 e6 6. Nbd2 Be7 7. e4 dxe4 8.
dxe4 O-O 9. c3 e5 10. Qe2 Qc7 11. Re1 Bg4 12. h3 Bxf3 13. Bxf3 Rad8 14. Nf1 Qd7
15. Bg2 Qd3 16. Bg5 h6 17. Bxf6 Bxf6 18. Ne3 Qxe2 19. Rxe2 Ne7 20. Nd5 Nxd5 21.
exd5 Rd6 22. h4 g5 23. hxg5 hxg5 1/2-1/2

[Event "BSB-Open 2008"]
[Site "Bad Neustadt /Saale"]
[Date "2008.09.04"]
[Round "7.1"]
[White "Kunze, Holger"]
[Black "Pototzky, Daniel"]
[Result "1-0"]
[WhiteElo "2159"]
[BlackElo "2105"]
[PlyCount "131"]
[EventDate "2008.??.??"]
[WhiteTeam "FC Bayern München e.V."]
[BlackTeam "TSV Prichsenstadt"]

1. d4 Nf6 2. c4 g6 3. Nc3 d5 4. Nf3 Bg7 5. Bg5 Ne4 6. cxd5 Nxg5 7. Nxg5 e6 8.
Nf3 exd5 9. e3 O-O 10. b4 c6 11. Rc1 f5 12. Be2 f4 13. exf4 Rxf4 14. h3 Rf8 15.
O-O Bf5 16. Bd3 Kh8 17. Re1 Qd6 18. Bxf5 Rxf5 19. b5 Nd7 20. bxc6 bxc6 21. Na4
Raf8 22. Nc5 Nxc5 23. Rxc5 Rxf3 24. gxf3 Qf4 25. Kg2 Bxd4 26. Re4 dxe4 27.
Qxd4+ Rf6 28. Qxe4 Qxe4 29. fxe4 Kg7 30. e5 Re6 31. f4 Re7 32. Rxc6 g5 33. Kf3
gxf4 34. Kxf4 Rb7 35. Ra6 Kf7 36. Kf5 Rc7 37. Rd6 Ke7 38. Rh6 Ke8 39. a4 Rf7+
40. Ke4 Rb7 41. Kd5 Rb4 42. Ra6 Rb7 43. h4 Rd7+ 44. Ke4 Rf7 45. h5 Kd8 46. Kd5
Ke8 47. Re6+ Kd8 48. Rf6 Rc7 49. e6 Ke8 50. a5 Rg7 51. Kd6 Rb7 52. Rf7 Rxf7 53.
exf7+ Kxf7 54. Kc6 Ke6 55. Kb7 Kd7 56. Kxa7 Kc6 57. a6 Kc7 58. h6 Kc8 59. Kb6
Kb8 60. Kc6 Ka7 61. Kd6 Kxa6 62. Ke7 Kb7 63. Kf7 Kc7 64. Kg7 Kd7 65. Kxh7 Ke7
66. Kg8 1-0

[Event "BSB-Open 2008"]
[Site "Bad Neustadt /Saale"]
[Date "2008.09.04"]
[Round "7.2"]
[White "Haase, Reinhard"]
[Black "Schlefing, Heinz"]
[Result "1/2-1/2"]
[WhiteElo "2136"]
[BlackElo "2106"]
[PlyCount "47"]
[EventDate "2008.??.??"]
[WhiteTeam "SC Fulda"]
[BlackTeam "Velberter Schachgesellschaft 192"]

1. d4 d5 2. c4 c6 3. Nf3 Nf6 4. Qc2 g6 5. Bg5 Nbd7 6. Nc3 Bg7 7. e3 O-O 8. Be2
dxc4 9. Bxc4 Nb6 10. Bb3 a5 11. O-O Bg4 12. Ne5 Bc8 13. a3 Nbd5 14. Nxd5 cxd5
15. Rac1 Ne4 16. Bh4 Bf5 17. g4 Be6 18. f3 Nd6 19. Qc7 f6 20. Qxd8 Rfxd8 21.
Nd3 Nc4 22. Nc5 Bf7 23. Bxc4 dxc4 24. Rc2 1/2-1/2

[Event "BSB-Open 2008"]
[Site "Bad Neustadt /Saale"]
[Date "2008.09.04"]
[Round "7.3"]
[White "Seifert, Armin"]
[Black "Mittermaier, Walter"]
[Result "0-1"]
[WhiteElo "1954"]
[BlackElo "2171"]
[PlyCount "86"]
[EventDate "2008.??.??"]
[WhiteTeam "SC Kitzingen von 1905"]
[BlackTeam "SAbt TSV Haunstetten"]

1. e4 e5 2. Nf3 Nc6 3. Bb5 a6 4. Bxc6 dxc6 5. O-O Bd6 6. Re1 Ne7 7. d4 f6 8.
dxe5 fxe5 9. Bg5 Be6 10. Qe2 Qd7 11. Nbd2 Ng6 12. Nc4 b5 13. Ncd2 O-O 14. Rad1
Qf7 15. Nh4 Nf4 16. Bxf4 Qxf4 17. Nhf3 Rf6 18. Qe3 Qg4 19. Qg5 Raf8 20. Qxg4
Bxg4 21. Re3 a5 22. h3 Bc8 23. c4 a4 24. b3 a3 25. Rf1 Bb4 26. Rd3 Rd6 27. Rxd6
cxd6 28. Rd1 h6 29. Ne1 Be6 30. Nd3 Bc3 31. cxb5 cxb5 32. f3 Rc8 33. Kf1 Bd4
34. Rc1 Rxc1+ 35. Nxc1 Kf7 36. Ke2 Ke7 37. Nb1 Bb2 38. Nd3 Bxb3 39. Nxb2 (39.
Nxa3) 39... b4 40. Kd2 Bxa2 41. Kc1 axb2+ 42. Kxb2 Bxb1 43. Kxb1 Kd7 0-1

[Event "BSB-Open 2008"]
[Site "Bad Neustadt /Saale"]
[Date "2008.09.04"]
[Round "7.4"]
[White "Jussupow, Alexander"]
[Black "Rost van Tonningen, Otto"]
[Result "1-0"]
[WhiteElo "2028"]
[BlackElo "2065"]
[PlyCount "65"]
[EventDate "2008.??.??"]
[WhiteTeam "SK Krumbach"]
[BlackTeam "Den Haag / WD Borbeck"]

1. d4 Nf6 2. Nf3 b5 3. e3 b4 4. c4 e6 5. Bd3 Bb7 6. Nbd2 a5 7. e4 d5 8. cxd5
exd5 9. e5 Nfd7 10. O-O Be7 11. e6 fxe6 12. Qe2 Nf8 13. Ne5 g6 14. Nb3 Ba6 15.
Bxa6 Rxa6 16. Qf3 Bf6 17. Nc5 Rb6 18. Bg5 Nbd7 19. Ncxd7 Nxd7 20. Nxd7 Bxg5 21.
Nxb6 cxb6 22. Rfe1 Kd7 23. Qe2 Qf6 24. Qb5+ Kc7 25. Rad1 Rf8 26. Re2 Qf5 27.
Rde1 Rf6 28. a4 h5 29. Qe8 Kd6 30. Qd8+ Kc6 31. Qc8+ Kd6 32. Rc2 Rf7 33. Rc6+
1-0

[Event "BSB-Open 2008"]
[Site "Bad Neustadt /Saale"]
[Date "2008.09.04"]
[Round "7.5"]
[White "Ingerl, Florian"]
[Black "Várkonyi, Miklós"]
[Result "1-0"]
[WhiteElo "1885"]
[BlackElo "1620"]
[PlyCount "101"]
[EventDate "2008.??.??"]
[WhiteTeam "SC Gröbenzell"]
[BlackTeam "SK 1933 Bad Neustadt"]

1. e4 c5 2. Nf3 d6 3. d4 cxd4 4. Nxd4 Nf6 5. Nc3 a6 6. Bg5 e6 7. f4 Be7 8. Qf3
Qc7 9. O-O-O Nc6 10. Be2 e5 11. Nf5 Bxf5 12. exf5 Nd4 13. Qd3 Nxe2+ 14. Qxe2
O-O 15. g4 b5 16. Bxf6 Bxf6 17. Nd5 Qc4 18. Qxc4 bxc4 19. Nb6 Rad8 20. fxe5
dxe5 21. Nxc4 Bg5+ 22. Kb1 f6 23. Nd6 Bf4 24. c4 a5 25. h3 Be3 26. Nb7 Ra8 27.
Rd5 a4 28. Rhd1 Bd4 29. c5 Rfc8 30. Rc1 Ra6 31. Rd6 Rac6 32. b4 axb3 33. axb3
Kf7 34. Rxc6 Rxc6 35. b4 Ke7 36. b5 Rc7 37. c6 e4 38. Nc5 e3 39. Ne6 Be5 40.
Nxc7 Bxc7 41. Kc2 Kd6 42. Kd3 Bb6 43. c7 Bxc7 44. Kxe3 Kd7 45. Kd4 g6 46. fxg6
hxg6 47. Rc6 Be5+ 48. Kd5 g5 49. b6 Kd8 50. b7 Kd7 51. Rb6 1-0

[Event "BSB-Open 2008"]
[Site "Bad Neustadt /Saale"]
[Date "2008.09.04"]
[Round "7.6"]
[White "Filbry, Lothar"]
[Black "Lang, Stefan"]
[Result "0-1"]
[WhiteElo "1533"]
[BlackElo "2143"]
[PlyCount "74"]
[EventDate "2008.??.??"]
[WhiteTeam "SK 1933 Bad Neustadt"]
[BlackTeam "SK Germering/Upf."]

1. c4 e5 2. Nc3 Nc6 3. e3 f5 4. d4 Nf6 5. dxe5 Nxe5 6. Nf3 Nf7 7. Bd3 d6 8. Qc2
g6 9. b3 Bg7 10. Bb2 O-O 11. O-O c6 12. Rad1 Qe7 13. Ne2 Ne5 14. Ned4 a6 15.
Nd2 Bd7 16. Be2 Rae8 17. N4f3 Nf7 18. Bd3 c5 19. Rfe1 Bc6 20. Bxf6 Qxf6 21. e4
f4 22. Qb1 g5 23. e5 dxe5 24. Bxh7+ Kh8 25. h3 Re6 26. Be4 Qe7 27. Bxc6 Rxc6
28. Ne4 b6 29. Rd5 Rh6 30. Red1 Bf6 31. Rd7 Qe6 32. Nxf6 Rxf6 33. R1d6 Qf5 34.
Qxf5 Rxf5 35. Rxb6 e4 36. Nh2 Re8 37. Ng4 e3 {ZÜ} 0-1

[Event "BSB-Open 2008"]
[Site "Bad Neustadt /Saale"]
[Date "2008.09.05"]
[Round "8.1"]
[White "Schlefing, Heinz"]
[Black "Kunze, Holger"]
[Result "1/2-1/2"]
[WhiteElo "2106"]
[BlackElo "2159"]
[PlyCount "23"]
[EventDate "2008.??.??"]
[WhiteTeam "Velberter Schachgesellschaft 192"]
[BlackTeam "FC Bayern München e.V."]

1. e4 c6 2. c4 d5 3. cxd5 cxd5 4. exd5 Nf6 5. Nc3 Nxd5 6. Bc4 Nxc3 7. bxc3 e6
8. Nf3 Be7 9. h4 Nd7 10. d4 Qc7 11. Qd3 Bd6 12. Kf1 1/2-1/2

[Event "BSB-Open 2008"]
[Site "Bad Neustadt /Saale"]
[Date "2008.09.05"]
[Round "8.2"]
[White "Mittermaier, Walter"]
[Black "Pototzky, Daniel"]
[Result "0-1"]
[WhiteElo "2171"]
[BlackElo "2105"]
[PlyCount "22"]
[EventDate "2008.??.??"]
[WhiteTeam "SAbt TSV Haunstetten"]
[BlackTeam "TSV Prichsenstadt"]

1. d4 Nf6 2. c4 g6 3. Nc3 d5 4. Bf4 Bg7 5. e3 O-O 6. Nf3 c5 7. cxd5 Nxd5 8.
Nxd5 Qxd5 9. dxc5 Qxc5 10. Qd2 Nc6 11. Bc7 Bf5 (11... Bf5 12. Rc1 Qb4) 0-1

[Event "BSB-Open 2008"]
[Site "Bad Neustadt /Saale"]
[Date "2008.09.05"]
[Round "8.3"]
[White "Lang, Stefan"]
[Black "Haase, Reinhard"]
[Result "0-1"]
[WhiteElo "2143"]
[BlackElo "2136"]
[PlyCount "44"]
[EventDate "2008.??.??"]
[WhiteTeam "SK Germering/Upf."]
[BlackTeam "SC Fulda"]

1. e4 d5 2. exd5 Nf6 3. d4 Nxd5 4. c4 Nb6 5. Nc3 e5 6. Qe2 Be7 7. dxe5 Nc6 8.
Be3 Bb4 9. Rc1 (9. c5 Na4 10. Qc2 Nxc3 11. bxc3) 9... O-O 10. f4 Re8 11. a3
Bxc3+ 12. Rxc3 f6 13. exf6 Qxf6 14. Kf2 Nd4 (14... Na4 $17) 15. Qh5 Bf5 16. Ne2
(16. Qg5 Qe6 17. Bxd4 Qe1+ 18. Kf3 Qxf1+ 19. Kg3 $11) 16... Nc2 17. Bc1 Na4 18.
Rg3 Qb6+ 19. Be3 Nxe3 20. c5 Qxc5 21. Rf3 Ng4+ 22. Kg3 Nf6 0-1

[Event "BSB-Open 2008"]
[Site "Bad Neustadt /Saale"]
[Date "2008.09.05"]
[Round "8.4"]
[White "Heerlein, Gerd"]
[Black "Ingerl, Florian"]
[Result "0-1"]
[WhiteElo "1864"]
[BlackElo "1885"]
[PlyCount "66"]
[EventDate "2008.??.??"]
[WhiteTeam "SK 1933 Bad Neustadt"]
[BlackTeam "SC Gröbenzell"]

1. Nf3 Nf6 2. g3 b6 3. Bg2 Bb7 4. O-O e6 5. d3 d5 6. Nbd2 Bd6 7. Re1 O-O 8. e4
dxe4 9. dxe4 e5 10. c3 Nbd7 11. Qc2 Nc5 12. b4 Ncd7 13. Bb2 b5 14. a4 a5 15.
axb5 axb4 16. c4 Re8 17. Nb3 c5 18. bxc6 Bxc6 19. c5 Bf8 20. Qc4 Qe7 21. Na5
Bxe4 22. Rxe4 Nxe4 23. Qxe4 Qxc5 24. Ng5 Nf6 25. Qxa8 Rxa8 26. Bxa8 Ng4 27. Nh3
Qc2 28. Bxe5 Nxe5 29. Re1 Nd3 30. Re8 b3 31. Nc6 g6 32. Nd4 Qd1+ 33. Kg2 b2 0-1

[Event "BSB-Open 2008"]
[Site "Bad Neustadt /Saale"]
[Date "2008.09.05"]
[Round "8.5"]
[White "Jussupow, Alexander"]
[Black "Filbry, Lothar"]
[Result "1-0"]
[WhiteElo "2028"]
[BlackElo "1533"]
[PlyCount "45"]
[EventDate "2008.??.??"]
[WhiteTeam "SK Krumbach"]
[BlackTeam "SK 1933 Bad Neustadt"]

1. d4 d5 2. c4 Nf6 3. Nf3 Bf5 4. e3 e6 5. Qb3 b6 6. Nc3 Be7 7. Ne5 O-O 8. Be2
c5 9. dxc5 Qc7 10. cxb6 axb6 11. Nf3 dxc4 12. Qxc4 Rc8 13. Qxc7 Rxc7 14. Nd4
Bb4 15. Bd2 Nbd7 16. Bf3 Rac8 17. Ncb5 Bxd2+ 18. Kxd2 Rc5 19. b4 Re5 20. Nd6
Rc7 21. Nc6 Ne4+ 22. Nxe4 Bxe4 23. Nxe5 1-0

[Event "BSB-Open 2008"]
[Site "Bad Neustadt /Saale"]
[Date "2008.09.05"]
[Round "8.6"]
[White "Várkonyi, Miklós"]
[Black "Seifert, Armin"]
[Result "0-1"]
[WhiteElo "1620"]
[BlackElo "1954"]
[PlyCount "40"]
[EventDate "2008.??.??"]
[WhiteTeam "SK 1933 Bad Neustadt"]
[BlackTeam "SC Kitzingen von 1905"]

1. e4 c5 2. Nf3 e6 3. d4 cxd4 4. Nxd4 Qc7 5. Be2 a6 6. a4 Nf6 7. f3 Bb4+ 8. Bd2
Bd6 9. g3 h5 10. Nc3 h4 11. f4 Bc5 12. Nb3 hxg3 13. Bf3 Bf2+ 14. Kf1 Nc6 15. e5
Ng8 16. Ne4 Nge7 17. hxg3 Rxh1+ 18. Bxh1 Ba7 19. Qh5 Nf5 20. Ng5 $4 (20. Qh8+
Ke7 21. g4 d5 22. gxf5 dxe4 23. Be1 $18 (23. f6+ gxf6 24. Rd1 $18)) 20... Nxg3+
0-1

[Event "BSB-Open 2008"]
[Site "Bad Neustadt /Saale"]
[Date "2008.09.06"]
[Round "9.1"]
[White "Pototzky, Daniel"]
[Black "Haase, Reinhard"]
[Result "1/2-1/2"]
[WhiteElo "2105"]
[BlackElo "2136"]
[PlyCount "46"]
[EventDate "2008.??.??"]
[WhiteTeam "TSV Prichsenstadt"]
[BlackTeam "SC Fulda"]

1. e4 d5 2. exd5 Nf6 3. d4 Nxd5 4. c4 Nb6 5. Nf3 Bg4 6. c5 N6d7 7. h3 Bxf3 8.
Qxf3 Nc6 9. Be3 e5 10. dxe5 Ndxe5 11. Qe4 Be7 12. Nc3 O-O 13. Rd1 Qe8 14. Bb5
f5 15. Bxc6 Nxc6 16. Qe6+ Kh8 17. Nd5 Bxc5 18. Nxc7 Bb4+ 19. Kf1 (19. Ke2)
19... Qxe6 20. Nxe6 Rf6 21. Nc7 Rc8 22. Nd5 Re6 23. Nxb4 Nxb4 1/2-1/2